| 000 | 00519nam a2200145Ia 4500 | ||
|---|---|---|---|
| 008 | 100204s9999 xx 000 0 und d | ||
| 082 | _b874 | ||
| 100 | _aशारंगपाणी सरोजिनी | ||
| 245 | _aदुर्दैवाशी दोन हात | ||
| 260 |
_b"प्रपंच पंकाशन , पुणे" _c1975 |
||
| 300 | _a364 | ||
| 630 | _aदुर्दैवाशी दोन हात | ||
| 730 | _aदुर्दैवाशी दोन हात | ||
| 942 | _cBOOK | ||
| 999 |
_c446069 _d446066 |
||